Culture Generale - Statistiques

Statistiques générales
  • Ce quiz a été pris 97 fois
  • Le résultat moyen est 2 sur 15
Statistiques - réponses
Hint Réponse % Correct
Qui fut le successeur de Chirac en tant que President de la République ? Chirac
41%
Qui a composé Aida ? Puccini
30%
Qui a remporté Roland Garros en 1987 ? Becker
29%
En quelle année a été crée le métro Parisien ? 1917
16%
De quelle couleur doit on se vêtir au tournoi de Wimbledon ? Blanc cassé
14%
Quel peintre est a l'origine de "La liberté selon saint Jean" ? Picasso
14%
Quel lien peut on trouver entre la Gambie et la Mongolie ? Aucun
12%
Qui a remporté le ballon d'or en 1999 ? Nedved
9%
Quel est en minute le record du monde de temps a jongler avec un ballon de football ? 23
7%
Quelle est la chanson la plus écoutée sur Spotify (2015) ? Poker Face
7%
Quel rappeur chante en 1967 "La mauvaise réputation" ? Jacques Brel
5%
Comment s'appelle la personne agée dont le heros est amoureux dans le film "Gerotonphilia" ? Mr Peabody
4%
Quelle est la destination la plus lointaine que l'on peut atteindre en vol direct depuis Paris ? Vladivostok
4%
Comment appelle t'on les habitants de Sermizelles ? Sermisseurs
3%
Quelle est la compagnie aérienne d'etat de l'Azerbaidjan ? LineZerbaidjan
1%
Aucun quiz correspondant
Distribution des résultats
% des personnes avec chaque résultat
Percentile par nombre de réponses
Votre historique - résultats
Vous n’avez pas pris ce quiz